| 000 | 00929nam a2200265 a 4500 | ||
|---|---|---|---|
| 005 | 20090710133954.0 | ||
| 008 | 960808s1997 iaua b 001 0 eng | ||
| 010 | _aENG-94381 | ||
| 020 |
_a0070141207 _c525.00 |
||
| 020 |
_a9780070141209 _c525.00 |
||
| 035 | _aEN-77914 | ||
| 037 | _bDBAD / PUB | ||
| 040 |
_adpl _bEnglish |
||
| 082 | _a579 | ||
| 100 | _aSumbali, Geeta | ||
| 245 |
_aPrinciples of microbiology / _cby Geeta Sumbali [and] R.S. Mehrotra |
||
| 260 |
_aNew Delhi _bTata McGraw-Hill Publishing _c2009 |
||
| 270 |
_a7 West Patel Nagar, _bNew Delhi _e110008 |
||
| 300 |
_axxii, 924p. _c27cm(pbk) |
||
| 500 | _aIncludes references, glossary and index | ||
| 650 | _aMicrobiology. | ||
| 700 | _aMehrotra, R.S. | ||
| 942 |
_2ddc _cEN _h579 _mSUM |
||
| 999 |
_c28137 _d28137 |
||